000 00514nam a2200217Ia 4500
003 OSt
005 20220918191346.0
006 a|||||r|||| 00| 0
007 ta
008 220917b |||||||| |||| 00| 0 eng d
024 _a62,792
037 _cTextual
040 _aARTS
_cARTS
_beng
041 _2eng
_aeng
082 _aQ41:22525, 438E3 (Q4)
245 0 _aApadana
260 _c1913
650 _aRELIGION
942 _hQ41:22525, 438E3 (Q4)
_cTEXL
_2CC
999 _c189439
_d189439